Thế giới nghệ thuật thơ thiếu nhi Xuân Quỳnh

Chương 1: Xuân Quỳnh - từ cuộc đời đến quan niệm sáng tác cho thiếu nhi...Chương 2: Thế giới hình tượng trong thơ thiếu nhi Xuân Quỳnh...Chương 3: Hình thức biểu hiện thơ thiếu nhi Xuân Quỳnh...

Đã lưu trong:
Chi tiết về thư mục
Tác giả chính: Nguyễn Thị Hồng Minh
Tác giả khác: Bùi Thanh Truyền Người hướng dẫn khoa học (TS)
Định dạng: Sách
Ngôn ngữ:Vietnamese
Được phát hành: Đà Nẵng Đại học Đà Nẵng 2011
Những chủ đề:
Các nhãn: Thêm thẻ
Không có thẻ, Là người đầu tiên thẻ bản ghi này!
Thư viện lưu trữ: Mạng thư viện Đại học Đà Nẵng
LEADER 01573nam a2200337 4500
001 000010625
003 6832
005 20111216151200.0
008 111216s2011 viesd
041 |a vie 
072 |a Luận văn thạc sĩ khoa học xã hội và nhân văn 
082 |a 895.9221  |b NG-M 
100 1 |a Nguyễn Thị Hồng Minh 
245 1 |a Thế giới nghệ thuật thơ thiếu nhi Xuân Quỳnh  |c Nguyễn Thị Hồng Minh 
260 |a Đà Nẵng  |b Đại học Đà Nẵng  |c 2011 
300 |a 89 tr  |c 29 cm  |e Bản tóm tất, đĩa CD 
500 |a Luận văn thạc sĩ khoa học xã hội và nhân văn: Chuyên ngành:Văn học Việt Nam. Mã số: 60.22.34 
520 |a Chương 1: Xuân Quỳnh - từ cuộc đời đến quan niệm sáng tác cho thiếu nhi...Chương 2: Thế giới hình tượng trong thơ thiếu nhi Xuân Quỳnh...Chương 3: Hình thức biểu hiện thơ thiếu nhi Xuân Quỳnh... 
653 |a Xuân Quỳnh 
653 |a Thơ thiếu nhi 
700 |a Bùi Thanh Truyền  |c Người hướng dẫn khoa học  |e TS 
OWN |a LSP 
AVA |a UDN50  |b LSP  |d 895.9221 NG-M  |e available  |t Error 5001 Not defined in file expand_doc_bib_avail.  |f 1  |g 0  |h N  |i 0  |k 1 
999 |a From the UDN01 
AVA |a UDN50  |b LSP  |d 895.9221 NG-M  |e available  |t Error 5001 Not defined in file expand_doc_bib_avail.  |f 1  |g 0  |h N  |i 0  |k 1 
TYP |a Monograph 
TYP |a Printed language 
980 |a Mạng thư viện Đại học Đà Nẵng